Just can't wait to be king!! Lion King Lyrics - Statistics

General Stats
  • This quiz has been taken 152 times
  • The average score is 14 of 21
Answer Stats
Hint Answer % Correct
Thus far, a rather uninspiring thing Oh, I just can't wait to be king
96%
This child is getting wildly out of wing Oh I just can't wait to be king
96%
Well I've never seen a king of beasts With quite so little hair
96%
I'm brushing up on looking down I'm working on my roar
95%
I'm gonna be a mighty king, so enemies beware
90%
Everybody look left Everybody look right
84%
I'm gonna be the mane event Like no king was before
80%
Everywhere you look I'm Standing in the spotlight
80%
If this is where the monarchy is headed Count me out
73%
What I meant was No one saying stop that
69%
Oh, I just can't wait Just can't wait to be king
66%
Oh, I just can't wait to be king! Oh he just can't wait to be king
66%
Out of service, out of Africa I wouldn't hang about
63%
What you don't realize No one saying see here
63%
Kings don't need advice From little hornbills for a start
62%
I think it's time that you and I Arranged a heart-to-heart
58%
That's definitely out Free to do it all my way
45%
Now see here Free to run around all day
41%
No one saying do this Now when I said that
28%
Let's hear it in the herd and on the wing It's gonna be King Simba's finest fling
26%
Not yet Let every creature go for broke and sing
21%
No matching quizzes found
Score Distribution
Percent of People with Each Score
Percentile by Number Answered
Your Score History
You have not taken this quiz